| 000 | 01180cam a22003614a 4500 | ||
|---|---|---|---|
| 001 | muse77054 | ||
| 003 | MdBmJHUP | ||
| 005 | 20210127151303.0 | ||
| 006 | m o d | ||
| 007 | cr||||||||nn|n | ||
| 008 | 181231s2019 cau o 00 0 eng d | ||
| 010 | _z 2018968574 | ||
| 020 | _a9781950192014 | ||
| 020 | _a9781950192021 | ||
| 035 | _a(OCoLC)1100490307 | ||
| 040 |
_aMdBmJHUP _cMdBmJHUP |
||
| 100 | 1 | _aJenkins, Nico. | |
| 245 | 1 | 0 |
_aEchoes of No Thing: Thinking between Heidegger and Dōgen _cNico Jenkins. |
| 250 | _a1st edition. | ||
| 264 | 1 | _bPunctum Books, | |
| 264 | 3 | _bProject MUSE, | |
| 300 | _a1 online resource (pages cm) | ||
| 506 | 0 |
_aOpen Access _fUnrestricted online access _2star |
|
| 588 | _aDescription based on print version record. | ||
| 655 | 7 |
_aElectronic books. _2local |
|
| 710 | 2 |
_aProject Muse. _edistributor |
|
| 830 | 0 | _aBook collections on Project MUSE. | |
| 856 | 4 | 0 |
_zFull text available: _uhttps://muse.jhu.edu/book/66820/ |
| 999 |
_c25316 _d25316 |
||